Especies nuevas de Piperaceae de los Andes al sur de Colombia (Registro nro. 9227)

Detalles MARC
000 -CABECERA
Campo de control 007780000a22002170004500
090 ## - CLASIFICACIÓN LOCAL
Colección AR
Consecutivo 00126
041 0# - IDIOMA
Código de idioma para texto/pista de sonido o título separado
100 1# - ASIENTO PRINCIPAL--NOMBRE PERSONAL
Nombre personal Callejas Posada, Ricardo
245 10 - MENCION DE TITULO
Título Especies nuevas de Piperaceae de los Andes al sur de Colombia
650 14 - ASIENTO SECUNDARIO DE MATERIA - TERMINO TEMATICO
Término temático o nombre geográfico como elemento de entrada Vegetación
650 14 - ASIENTO SECUNDARIO DE MATERIA - TERMINO TEMATICO
Término temático o nombre geográfico como elemento de entrada Distribución geográfica de vegetación
650 14 - ASIENTO SECUNDARIO DE MATERIA - TERMINO TEMATICO
Término temático o nombre geográfico como elemento de entrada Ecología vegetal
650 14 - ASIENTO SECUNDARIO DE MATERIA - TERMINO TEMATICO
Término temático o nombre geográfico como elemento de entrada Diversidad florística
651 #4 - ASIENTO SECUNDARIO DE MATERIA - NOMBRE GEOGRAFICO
-- Nudo de los pastos
-- Colombia
653 ## - TERMINO DE INDIZACION - NO CONTROLADO
-- Piperaceae
-- Peperomia
-- Peperomia alwynii
653 ## - TERMINO DE INDIZACION - NO CONTROLADO
-- Piperaceae
-- Piper
-- Piper curvinervium
653 ## - TERMINO DE INDIZACION - NO CONTROLADO
-- Piperaceae
-- Piper
-- Piper dolichostylum
700 1# - ASIENTO SECUNDARIO - NOMBRE PERSONAL
Nombre personal Betancur, Julio
773 1# - Item fuente:
Título Novon: a Journal for Botanical Nomenclature
Especificación de materiales 56
Descripción física 1
Paginas del Articulo 17-24
Lugar, editorial y fecha de publicación 1997
Información sobre la relación 7
942 ## - ELEMENTOS ADICIONALES (KOHA)
Tipo de ítem Artículo
Existencias
Withdrawn status Lost status Sistema de Clasificación Damaged status No para préstamo Colección Ubicación Permanente Ubicación actual Fecha de adquisición Total Checkouts Número topográfico Inventario / Código de Barras Date last seen Ejemplar Price effective from Tipo de material Datos de publicación Seriada
    Dewey Decimal Classification   No para Préstamo Hemeroteca Bogotá Bogotá 27/02/2015   AR 00126 Fuera de circulación 010358 25/03/2015 1 25/03/2015 Artículo  
    Dewey Decimal Classification   No para Préstamo Hemeroteca Bogotá Bogotá 27/02/2015   AR 00126 Fuera de circulación 013856 25/03/2015 3 25/03/2015 Artículo  
    Dewey Decimal Classification   No para Préstamo Hemeroteca Villa de Leyva Villa de Leyva 27/02/2015   AR 00126 013855 25/03/2015 2 25/03/2015 Artículo Fuera de circulación